An epic of Clare Market : (Record no. 42920)
[ view plain ]
| 000 -LEADER | |
|---|---|
| fixed length control field | 00679nam a2200217 a 4500 |
| 001 - CONTROL NUMBER | |
| control field | 42920 |
| 003 - CONTROL NUMBER IDENTIFIER | |
| rucl marc code | BD-RjUL |
| 005 - DATE AND TIME OF LATEST TRANSACTION | |
| control field | 20211209053622.0 |
| 008 - FIXED-LENGTH DATA ELEMENTS--GENERAL INFORMATION | |
| fixed length control field | 160618s1960 enka b 001 0 eng d |
| 035 ## - SYSTEM CONTROL NUMBER | |
| System control number | (BD-RjUL)43038 |
| 040 ## - CATALOGING SOURCE | |
| Original cataloging agency | ANL |
| Language of cataloging | eng |
| Transcribing agency | ANL |
| Modifying agency | BD-RjUL |
| 041 ## - LANGUAGE CODE | |
| Language code of text/sound track or separate title | eng |
| 082 04 - DEWEY DECIMAL CLASSIFICATION NUMBER | |
| Classification number | 307.1142 |
| Edition number | 23 |
| Author mark and year | BEE 1960 |
| 100 1# - MAIN ENTRY--PERSONAL NAME | |
| Personal name | Beveridge, Janet |
| Dates associated with a name | 1876-1959. |
| 9 (RLIN) | 131811 |
| 245 13 - TITLE STATEMENT | |
| Title | An epic of Clare Market : |
| Remainder of title | birth and early days of the London School of Economics / |
| Statement of responsibility, etc. | Janet Beveridge |
| 260 ## - PUBLICATION, DISTRIBUTION, ETC. (IMPRINT) | |
| Place of publication, distribution, etc. | London, |
| Name of publisher, distributor, etc. | Bell, |
| Date of publication, distribution, etc. | 1960, |
| 300 ## - PHYSICAL DESCRIPTION | |
| Pagination | xiii, 98 p. : |
| Illustrations | ill ; |
| Size | 23 cm. |
| 500 ## - GENERAL NOTE | |
| General note | index |
| 610 20 - SUBJECT ADDED ENTRY--CORPORATE NAME | |
| Corporate name or jurisdiction name as entry element | London School of Economics and Political Science. |
| 942 ## - ADDED ENTRY ELEMENTS (KOHA) | |
| Source of classification or shelving scheme | Dewey Decimal Classification |
| Koha item type | Books |
| Lost status | Source of classification or shelving scheme | Damaged status | Not for loan | Collection code | Permanent Location | Current Location | Shelving location | Date acquired | Source of acquisition | Cost, normal purchase price | Total Checkouts | Full call number | Date last seen | Copy number | Koha item type |
|---|---|---|---|---|---|---|---|---|---|---|---|---|---|---|---|
| Dewey Decimal Classification | Non-fiction | Central Library, University of Rajshahi | Central Library, University of Rajshahi | 15/06/1964 | Zeithinger | 15.00 | 307.1142 BEE 1960 | 18/06/2016 | C-2 | Books |